00472nam a2200145Ia 4500008004100000041000800041082001500049100001700064245004100081260003200122300002400154365000900178999001700187952012200204240624s9999 xx 000 0 und d aeng a368.01 BOO aBOOTH PHILIP aMODERN ACTUARIAL THEORY AND PRACTICE c2004aBoca RatonbCRC Press a840 : p. : cm. ; 24 cb30 c11576d11576 00104070aIMTNbIMTNcRack 16-Bd2008-11-10eBWEg99.95o368.01 BOOp11576r2024-06-24 00:00:00t48w2024-06-24yBK